V Košiciach vybuchne bomba Oslavy štátnosti s plejádou politikov

Bibliographic Details
Main Author: šg (Author)
Format: Article
Language:Slovak
Subjects:

MARC

LEADER 00000nab a2200000 a 4500
001 vtls000894828
003 SK-MaSNL
005 20260302175700.0
008 040720e19960108xo 0 slo
035 |a KE3860 
040 |a KEVKJB  |b slo  |c KEVKJB  |e AACR2 
041 0 |a slo 
044 |a xo  |c SK 
080 |a 394.4  |2 1981 
100 0 |a šg  |4 aut  |9 853272 
245 1 0 |a V Košiciach vybuchne bomba  |b Oslavy štátnosti s plejádou politikov 
650 0 7 |a oslavy štátnosti  |2 KEVKJB  |9 887575 
650 0 7 |a priebeh  |2 KEVKJB  |9 29559 
650 0 7 |a informácie  |2 KEVKJB  |9 1285 
651 7 |a Košice (Slovensko)  |2 KEVKJB  |9 18694 
651 7 |a KE,  |2 KEVKJB  |9 877256 
651 7 |a KE,  |2 KEVKJB  |9 877256 
655 7 |a periodikum  |2 snkbucl  |9 29553 
773 0 8 |t Košický večer  |g Roč. 7  |g Roč. 28, č.5, 8.1.1996, s. 1,2 
852 |a ZVYKNI  |b KIS3GCP 
999 |c 1407913  |d 1409843